| 000 | 00517nam a2200193Ia 4500 | ||
|---|---|---|---|
| 003 | GCL | ||
| 008 | 140319s9999 xx 000 0 eng d | ||
| 040 |
_aGCL / _cGCL |
||
| 082 | 0 | 4 |
_a823.8 _bW A |
| 100 | 1 | _aWHEELER, MICHAEL | |
| 245 | 1 | 0 |
_aTHE ART OF ALLUSION IN VICTORIAN FICTION / _cWHEELER, MICHAEL |
| 260 |
_a[S.N] : _bMac Millan Press ، _c1979 |
||
| 300 | _a182 P | ||
| 650 | 0 | 4 | _aنايل سات |
| 650 | 0 | 4 | _aHISTORY AND CRITICISM |
| 650 | 0 | 4 | _aENGLISH FICTION |
| 650 | 0 | 4 | _aALLUSIONS |
| 942 |
_2ddc _cBK |
||
| 999 |
_c24181 _d24181 |
||